00474 2200181 4500245006600000020001800066250001100084100002100095700001800116700002300134650001700157005001900174260003100193041001400224084001300238300003200251336000900283 aShanaou Yoshitsune Genpei War Vol. 19cSawada, HirofumihText a9786022107798 aCet. 1 aSawada, Hirofumi aSri Nurhayati aFebrian Anantasyah aKomik Jepang a20230609105533 aJakartabPT Gramediac2012 aIndonesia a741.5592 a... jil. :bilus. ;c17 cm. atext